| 000 | 00462nam a2200205Ia 4500 | ||
|---|---|---|---|
| 008 | 170918s9999 xx 000 0 und d | ||
| 020 | _a978043696524 | ||
| 050 | _bB967 2004 | ||
| 100 | _aBurns, Joaquin | ||
| 245 | _aDriven / | ||
| 245 | _cJoaquin Burns. | ||
| 260 | _aNew York : | ||
| 260 | _bScholastic, | ||
| 260 | _c2004 | ||
| 300 | _a40 pages : | ||
| 300 | _bcolored illustration ; | ||
| 300 | _c20cm. | ||
| 440 | _aRead 180. | ||
| 500 | _a270 | ||
| 999 |
_c341125 _d341125 |
||